[Event "Washington op 2nd"]
[Site "Rockville"]
[Date "2013.08.11"]
[Round "9"]
[White "Uesugi, Shinsaku"]
[Black "Shetty, Atulya"]
[Result "1/2-1/2"]
[WhiteElo "2292"]
[BlackElo "2341"]
[PlyCount "151"]
[EventDate "2013.08.06"]
[EventType "swiss"]
[EventRounds "9"]
[EventCountry "USA"]
[SourceTitle "EXT 2014"]
[Source "ChessBase"]
[SourceDate "2013.11.20"]
[SourceVersion "1"]
[SourceVersionDate "2013.11.20"]
[SourceQuality "1"]

1. e4 e6 2. d4 d5 3. e5 c5 4. Nf3 Nc6 5. Bd3 Bd7 6. 0-0 Qb6 7. a3 Nxd4 8. Nxd4 cxd4 9. Nd2 Bb5 10. Nf3 Bxd3 11. Qxd3 Ne7 12. b4 Rc8 13. Bb2 Nc6 14. Rae1 Be7 15. Nxd4 a5 16. Nxc6 bxc6 17. Bd4 Qc7 18. b5 cxb5 19. Qxb5+ Qc6 20. Qxa5 0-0 21. c3 Ra8 22. Qb6 Qc4 23. Rb1 Rxa3 24. Qb5 Ra4 25. Qxc4 Rxc4 26. Rb7 Bc5 27. Rc7 Bxd4 28. Rxc4 Bxf2+ 29. Kxf2 dxc4 30. Rb1 g5 31. Rb4 Rc8 32. Ke3 Rc5 33. Ke4 h5 34. g4 hxg4 35. Rb1 Rd5 36. Rg1 Rd3 37. Rg3 Rd2 38. Rxg4 Rxh2 39. Rxg5+ Kf8 40. Kd4 Rh4+ 41. Kc5 Re4 42. Kb5 Ke7 43. Kc5 Kd7 44. Rh5 Rg4 45. Kb5 Ke7 46. Rh1 Kf8 47. Re1 Kg7 48. Kc5 Kg6 49. Re2 Kf5 50. Re1 Re4 51. Rf1+ Rf4 52. Re1 Kg4 53. Re3 Rf3 54. Rxf3 Kxf3 55. Kxc4 Ke4 56. Kb5 Kxe5 57. c4 f5 58. c5 f4 59. c6 f3 60. c7 f2 61. c8Q f1Q+ 62. Kb4 Qb1+ 63. Ka3 Qf5 64. Kb2 Kf4 65. Qc1+ Kg4 66. Qg1+ Kh5 67. Kc3 e5 68. Kd2 Qf4+ 69. Ke2 Qc4+ 70. Kd2 Qb4+ 71. Ke2 Qc4+ 72. Kd2 Qf4+ 73. Ke2 e4 74. Qc5+ Kg4 75. Qg1+ Kh5 76. Qf2 1/2-1/2

[Event "Washington op 2nd"]
[Site "Rockville"]
[Date "2013.08.07"]
[Round "4"]
[White "Martin Del Campo C, Roberto Abel"]
[Black "Uesugi, Shinsaku"]
[Result "0-1"]
[WhiteElo "2386"]
[BlackElo "2292"]
[PlyCount "66"]
[EventDate "2013.08.06"]
[EventType "swiss"]
[EventRounds "9"]
[EventCountry "USA"]
[SourceTitle "EXT 2014"]
[Source "ChessBase"]
[SourceDate "2013.11.20"]
[SourceVersion "1"]
[SourceVersionDate "2013.11.20"]
[SourceQuality "1"]

1. e4 c5 2. Nf3 g6 3. d4 cxd4 4. Nxd4 Bg7 5. Be2 Nf6 6. Nc3 Nc6 7. Nb3 0-0 8. 0-0 d6 9. Re1 a5 10. a4 Be6 11. Bf1 Nb4 12. Nd4 Rc8 13. Nxe6 fxe6 14. g3 d5 15. e5 Nd7 16. Bh3 Rc6 17. f4 d4 18. Nb5 Nxc2 19. Nxd4 Qb6 20. Be3 Nxe3 21. Rxe3 Nxe5 22. Kh1 Rd8 23. Re4 Nf7 24. Nxc6 Rxd1+ 25. Rxd1 Qxc6 26. Bg2 Qc2 27. Rde1 Qxb2 28. Rxe6 Bf6 29. g4 h6 30. h4 Qf2 31. Bh3 Qf3+ 32. Kh2 Bxh4 33. R1e3 Bg3+ 0-1

[Event "Washington op 2nd"]
[Site "Rockville"]
[Date "2013.08.06"]
[Round "1"]
[White "Uesugi, Shinsaku"]
[Black "Yang, Darwin"]
[Result "1/2-1/2"]
[WhiteElo "2292"]
[BlackElo "2480"]
[PlyCount "91"]
[EventDate "2013.08.06"]
[EventType "swiss"]
[EventRounds "9"]
[EventCountry "USA"]
[SourceTitle "EXT 2014"]
[Source "ChessBase"]
[SourceDate "2013.11.20"]
[SourceVersion "1"]
[SourceVersionDate "2013.11.20"]
[SourceQuality "1"]

1. e4 e6 2. d4 d5 3. e5 c5 4. Nf3 Nc6 5. Bd3 Nge7 6. dxc5 Ng6 7. Bxg6 hxg6 8. 0-0 Bxc5 9. Nbd2 g5 10. Nb3 Be7 11. h3 f5 12. Qe2 g4 13. hxg4 fxg4 14. Nh2 Nxe5 15. Bf4 Nc4 16. Nxg4 Bd6 17. Bxd6 Qxd6 18. Nd2 Nxd2 19. Qxd2 Bd7 20. Qg5 0-0 21. Rfe1 Qf4 22. Qxf4 Rxf4 23. Ne5 Be8 24. c3 Rc8 25. Rad1 Ra4 26. a3 Ra6 27. Rd4 Rb6 28. Rb4 Rxb4 29. axb4 b6 30. Ra1 Rc7 31. f4 Kf8 32. g4 Rb7 33. Kf2 a5 34. bxa5 bxa5 35. Rxa5 Rxb2+ 36. Ke3 Rc2 37. Kd3 Rf2 38. Ke3 Rc2 39. Kd4 Re2 40. Ra8 g5 41. Ng6+ Kf7 42. Rxe8 Kxg6 43. fxg5 Re4+ 44. Kc5 Rc4+ 45. Kd6 Rxc3 46. Rxe6+ 1/2-1/2

[Event "Berkeley op"]
[Site "Berkeley"]
[Date "2011.01.08"]
[Round "10"]
[White "Uesugi, Shinsaku"]
[Black "Dixon, Dakota Ellis"]
[Result "1/2-1/2"]
[WhiteElo "2331"]
[BlackElo "2063"]
[PlyCount "118"]
[EventDate "2011.01.02"]
[EventType "swiss"]
[EventRounds "10"]
[EventCountry "USA"]
[SourceTitle "CBM 140 Extra"]
[Source "ChessBase"]
[SourceDate "2011.03.01"]
[SourceVersion "1"]
[SourceVersionDate "2011.03.01"]
[SourceQuality "1"]

1. d4 Nf6 2. Nf3 e6 3. e3 d5 4. Be2 Be7 5. 0-0 0-0 6. b3 b6 7. Bb2 Bb7 8. c4 c5 9. Nc3 Nc6 10. cxd5 exd5 11. Qc2 cxd4 12. Nxd4 Nxd4 13. exd4 Ne4 14. Nxe4 dxe4 15. Bc4 Rc8 16. Qe2 Bf6 17. Rad1 Bd5 18. Rfe1 Re8 19. Rc1 Bxc4 20. bxc4 Qd7 21. c5 Qd5 22. cxb6 axb6 23. Rxc8 Rxc8 24. Qxe4 Qxe4 25. Rxe4 h6 26. Kf1 Rc2 27. Re2 Rc4 28. g3 Ra4 29. a3 b5 30. Rd2 Kf8 31. Ke2 Be7 32. Rd3 b4 33. axb4 Rxb4 34. Bc1 Ke8 35. Kf3 Kd7 36. Ke4 Ke6 37. g4 Bd6 38. f4 Rc4 39. Bd2 Ra4 40. h3 Ra3 41. Bc3 g6 42. d5+ Kd7 43. Be5 f5+ 44. gxf5 gxf5+ 45. Ke3 Bc5+ 46. Bd4 Rxd3+ 47. Kxd3 Be7 48. Bg7 h5 49. Kd4 Bd6 50. Bh6 Bc7 51. Bg5 Bd6 52. Ke3 Bb4 53. Bf6 Kd6 54. Kd4 Bc5+ 55. Kc4 Bf2 56. Bc3 Be3 57. Be5+ Kd7 58. Kd3 Bf2 59. Bd4 Bg3 1/2-1/2

[Event "Berkeley op"]
[Site "Berkeley"]
[Date "2011.01.07"]
[Round "9"]
[White "Uesugi, Shinsaku"]
[Black "Santic, Berislav"]
[Result "0-1"]
[WhiteElo "2331"]
[BlackElo "2259"]
[PlyCount "80"]
[EventDate "2011.01.02"]
[EventType "swiss"]
[EventRounds "10"]
[EventCountry "USA"]
[SourceTitle "CBM 140 Extra"]
[Source "ChessBase"]
[SourceDate "2011.03.01"]
[SourceVersion "1"]
[SourceVersionDate "2011.03.01"]
[SourceQuality "1"]

1. Nf3 d6 2. d4 g6 3. b3 Bg7 4. Bb2 Nf6 5. g3 0-0 6. Bg2 Nbd7 7. 0-0 e5 8. e3 e4 9. Nfd2 Re8 10. c4 Nf8 11. Nc3 Bf5 12. f3 exf3 13. Qxf3 c6 14. h3 Ne6 15. g4 Bd3 16. Rf2 Ng5 17. Qf4 Ne6 18. Qg3 d5 19. cxd5 cxd5 20. h4 h6 21. Qf3 Rc8 22. Nxd5 Nxd5 23. Qxd5 Qxh4 24. Qd7 Qe7 25. Qxb7 Rc7 26. Qd5 Rc2 27. Nf1 Rxf2 28. Kxf2 Qh4+ 29. Kg1 Ng5 30. Rd1 Bxf1 31. Rxf1 Rxe3 32. Bc1 Rd3 33. Bxg5 hxg5 34. Qxf7+ Kh8 35. Qe8+ Kh7 36. Rf7 Rd1+ 37. Bf1 Kh6 38. Qe4 Rxd4 39. Qe7 Qg3+ 40. Kh1 Rxg4 0-1

[Event "Berkeley op"]
[Site "Berkeley"]
[Date "2011.01.05"]
[Round "7"]
[White "Carreto Nieto, Geovanni"]
[Black "Uesugi, Shinsaku"]
[Result "1-0"]
[WhiteElo "2231"]
[BlackElo "2331"]
[PlyCount "93"]
[EventDate "2011.01.02"]
[EventType "swiss"]
[EventRounds "10"]
[EventCountry "USA"]
[SourceTitle "CBM 140 Extra"]
[Source "ChessBase"]
[SourceDate "2011.03.01"]
[SourceVersion "1"]
[SourceVersionDate "2011.03.01"]
[SourceQuality "1"]

1. e4 c5 2. Nf3 Nc6 3. d4 cxd4 4. Nxd4 Nf6 5. Nc3 e5 6. Ndb5 d6 7. Bg5 a6 8. Na3 b5 9. Bxf6 gxf6 10. Nd5 f5 11. c3 Bg7 12. Bd3 Be6 13. Nxb5 axb5 14. Bxb5 Bd7 15. exf5 Nb8 16. a4 Bxb5 17. axb5 Rxa1 18. Qxa1 0-0 19. 0-0 Nd7 20. Qa7 e4 21. b6 Be5 22. Re1 e3 23. f4 Bxf4 24. Nxf4 Nxb6 25. Ne2 Re8 26. Rf1 Re4 27. Qb7 d5 28. Qc6 Nc4 29. Rf3 Ne5 30. Rg3+ Kh8 31. Qa6 Ng4 32. h3 Nf6 33. b4 Re5 34. Rf3 Ne4 35. Qh6 Ng5 36. Rf1 f6 37. b5 Nf7 38. Qh4 Nd6 39. b6 Re4 40. Qh6 Kg8 41. Rb1 Nxf5 42. Qh5 Ng7 43. Qf3 Re8 44. Rb5 Kf7 45. b7 Qc7 46. Qxd5+ Ne6 47. Qh5+ 1-0

[Event "Berkeley op"]
[Site "Berkeley"]
[Date "2011.01.05"]
[Round "8"]
[White "Pamatmat, Jarod John Munda"]
[Black "Uesugi, Shinsaku"]
[Result "1-0"]
[WhiteElo "2100"]
[BlackElo "2331"]
[PlyCount "55"]
[EventDate "2011.01.02"]
[EventType "swiss"]
[EventRounds "10"]
[EventCountry "USA"]
[SourceTitle "CBM 140 Extra"]
[Source "ChessBase"]
[SourceDate "2011.03.01"]
[SourceVersion "1"]
[SourceVersionDate "2011.03.01"]
[SourceQuality "1"]

1. d4 e6 2. c4 f5 3. Nc3 Nf6 4. e3 Be7 5. Bd3 0-0 6. Qc2 d6 7. Nge2 g6 8. f3 c5 9. d5 Na6 10. a3 e5 11. e4 f4 12. Bd2 Bd7 13. 0-0-0 Nh5 14. Rdf1 Nc7 15. g3 g5 16. Rfg1 Ng7 17. h4 h6 18. hxg5 hxg5 19. gxf4 gxf4 20. Nxf4 Bf6 21. Nh5 Nce8 22. Bh6 Rf7 23. Qh2 Kf8 24. Nxf6 Nxf6 25. Bxg7+ Rxg7 26. Qh8+ Rg8 27. Rxg8+ Nxg8 28. Rg1 1-0

[Event "Berkeley op"]
[Site "Berkeley"]
[Date "2011.01.03"]
[Round "3"]
[White "Kraai, Jesse"]
[Black "Uesugi, Shinsaku"]
[Result "1-0"]
[WhiteElo "2516"]
[BlackElo "2331"]
[PlyCount "77"]
[EventDate "2011.01.02"]
[EventType "swiss"]
[EventRounds "10"]
[EventCountry "USA"]
[SourceTitle "CBM 140 Extra"]
[Source "ChessBase"]
[SourceDate "2011.03.01"]
[SourceVersion "1"]
[SourceVersionDate "2011.03.01"]
[SourceQuality "1"]

1. c4 Nf6 2. Nc3 d5 3. cxd5 Nxd5 4. g3 g6 5. Bg2 Nb6 6. d3 Bg7 7. Be3 0-0 8. Qd2 Nc6 9. Nf3 e5 10. Bh6 Nd4 11. Bxg7 Nxf3+ 12. Bxf3 Kxg7 13. 0-0 Nc4 14. Qc2 Nd6 15. b4 c6 16. a4 Bh3 17. Rfc1 Rc8 18. Qb2 Nf5 19. b5 Nd4 20. Bh1 Be6 21. Rab1 f6 22. bxc6 bxc6 23. Qa3 Rb8 24. Rxb8 Qxb8 25. Rb1 Qd8 26. e3 Nf5 27. Ne4 Bf7 28. Bf3 Qc7 29. Nxf6 Ba2 30. Qxa2 Rxf6 31. Bg2 Kh6 32. a5 Qd8 33. Be4 c5 34. Qd5 Qxd5 35. Bxd5 Rd6 36. Be4 Ra6 37. Rb5 c4 38. Bxf5 c3 39. Be4 1-0

[Event "Berkeley op"]
[Site "Berkeley"]
[Date "2011.01.02"]
[Round "2"]
[White "Uesugi, Shinsaku"]
[Black "Zepeda, Lorena"]
[Result "1-0"]
[WhiteElo "2331"]
[BlackElo "2202"]
[PlyCount "69"]
[EventDate "2011.01.02"]
[EventType "swiss"]
[EventRounds "10"]
[EventCountry "USA"]
[SourceTitle "CBM 140 Extra"]
[Source "ChessBase"]
[SourceDate "2011.03.01"]
[SourceVersion "1"]
[SourceVersionDate "2011.03.01"]
[SourceQuality "1"]

1. Nf3 Nf6 2. g3 g6 3. Bg2 Bg7 4. d4 0-0 5. 0-0 d6 6. c4 Nc6 7. d5 Ne5 8. Nxe5 dxe5 9. Nc3 Bf5 10. Qb3 Rb8 11. Rd1 Qc8 12. Qa3 Re8 13. Qxa7 b6 14. Nb5 Rb7 15. Qa3 Bh3 16. Bh1 Rb8 17. Qd3 Bf5 18. Qb3 Bg4 19. Qe3 e6 20. a4 exd5 21. cxd5 e4 22. d6 Qd7 23. Nxc7 Re5 24. b4 Ne8 25. Bb2 Nxc7 26. dxc7 Qxc7 27. Rac1 Qe7 28. Bxe5 Qxe5 29. Qxe4 Qxe4 30. Bxe4 Bxe2 31. Rd7 Bg4 32. Rb7 Re8 33. Bd5 Be6 34. Bxe6 fxe6 35. Rxb6 1-0

[Event "World op 38th"]
[Site "Philadelphia"]
[Date "2010.07.02"]
[Round "4"]
[White "Uesugi, Shinsaku"]
[Black "Flom, Gabriel"]
[Result "1-0"]
[WhiteElo "2332"]
[BlackElo "2419"]
[PlyCount "60"]
[EventDate "2010.06.29"]
[EventType "swiss"]
[EventRounds "9"]
[EventCountry "USA"]
[SourceTitle "CBM 137 Extra"]
[Source "ChessBase"]
[SourceDate "2010.09.01"]
[SourceVersion "1"]
[SourceVersionDate "2010.09.01"]
[SourceQuality "1"]

1. Nf3 Nf6 2. g3 d5 3. Bg2 c6 4. c4 dxc4 5. Na3 Qd5 6. 0-0 Nbd7 7. d4 cxd3 8. exd3 e6 9. Nc4 Be7 10. a4 Nb6 11. Nfe5 Qd8 12. a5 Nxc4 13. dxc4 Qxd1 14. Rxd1 Nd7 15. Bf4 g5 16. a6 Nb8 17. Be3 f6 18. axb7 Bxb7 19. Rxa7 Rxa7 20. Bxa7 fxe5 21. Bxb8 0-0 22. Bxe5 Bc5 23. Rd2 Bb4 24. Rd7 Rf5 25. Rxb7 Bc5 26. Bc3 Rxf2 27. Kh1 Rc2 28. Bh3 h5 29. Bxe6+ Kf8 30. Rf7+ Ke8 1-0

[Event "Philadelphia op"]
[Site "Philadelphia"]
[Date "2010.04.01"]
[Round "3"]
[White "Robson, Ray"]
[Black "Uesugi, Shinsaku"]
[Result "1-0"]
[WhiteElo "2559"]
[BlackElo "2323"]
[PlyCount "107"]
[EventDate "2010.03.31"]
[EventType "swiss"]
[EventRounds "9"]
[EventCountry "USA"]
[SourceTitle "CBM 135 Extra"]
[Source "ChessBase"]
[SourceDate "2010.05.04"]
[SourceVersion "1"]
[SourceVersionDate "2010.05.04"]
[SourceQuality "1"]

1. e4 c5 2. Nf3 Nc6 3. d4 cxd4 4. Nxd4 Nf6 5. Nc3 e5 6. Ndb5 d6 7. Bg5 a6 8. Na3 b5 9. Bxf6 gxf6 10. Nd5 f5 11. Bxb5 axb5 12. Nxb5 Ra4 13. Nbc7+ Kd7 14. 0-0 Rxe4 15. Qh5 Ne7 16. Qxf7 Kc6 17. Rfd1 Nxd5 18. Nxd5 Qd7 19. Qh5 Bg7 20. a4 Rd4 21. Rxd4 exd4 22. Qf3 Qe6 23. Nb4+ Kd7 24. Qc6+ Ke7 25. Nd3 Bd7 26. Qb7 Kf6 27. Re1 Qf7 28. Qc7 Bf8 29. Qd8+ Kg7 30. a5 h6 31. a6 Bb5 32. Nb4 d5 33. Qa5 Bxb4 34. Qxb4 Re8 35. Ra1 Bc6 36. Qxd4+ Qf6 37. Qb6 Ba8 38. Qc7+ Qe7 39. Qc3+ Qe5 40. Qxe5+ Rxe5 41. Kf1 Re6 42. c3 Kf6 43. f3 f4 44. a7 Rb6 45. Ra2 Ke5 46. b4 d4 47. Re2+ Kf6 48. Re8 Bd5 49. Rd8 dxc3 50. Rxd5 Ra6 51. Rd6+ Rxd6 52. a8Q c2 53. Qa1+ Kg6 54. Ke2 1-0

[Event "Olympiad-38"]
[Site "Dresden"]
[Date "2008.11.16"]
[Round "4"]
[White "Uesugi, Shinsaku"]
[Black "Le, Quang Liem"]
[Result "0-1"]
[WhiteElo "2222"]
[BlackElo "2583"]
[PlyCount "70"]
[EventDate "2008.11.13"]
[EventType "team-swiss"]
[EventRounds "11"]
[EventCountry "GER"]
[SourceTitle "CBM 128"]
[Source "ChessBase"]
[SourceDate "2009.01.28"]
[SourceVersion "1"]
[SourceVersionDate "2009.01.28"]
[SourceQuality "1"]
[WhiteTeam "Japan"]
[BlackTeam "Vietnam"]
[WhiteTeamCountry "JPN"]
[BlackTeamCountry "VIE"]

1. e4 c5 2. Nf3 d6 3. d4 cxd4 4. Nxd4 Nf6 5. Nc3 g6 6. Be3 Bg7 7. f3 0-0 8. Bc4 Nc6 9. Qd2 Bd7 10. 0-0-0 Rc8 11. Bb3 Ne5 12. h4 h5 13. Bg5 Rc5 14. Kb1 Re8 15. Rhe1 b5 16. g4 hxg4 17. f4 Nc4 18. Bxc4 bxc4 19. e5 dxe5 20. Nde2 exf4 21. Nxf4 Qb8 22. Ka1 Bf5 23. Bxf6 Bxf6 24. Nfd5 Kg7 25. Qf2 Rxd5 26. Rxd5 e6 27. Rd7 g3 28. Qe2 Rh8 29. Qf3 Rxh4 30. Rb7 Qf4 31. Qd1 Qd4 32. Qf3 Qf2 33. Qxf2 gxf2 34. Rf1 Bd4 35. Rd7 e5 0-1

[Event "Olympiad-38"]
[Site "Dresden"]
[Date "2008.11.15"]
[Round "3"]
[White "Uesugi, Shinsaku"]
[Black "Lupulescu, Constantin"]
[Result "0-1"]
[WhiteElo "2222"]
[BlackElo "2594"]
[PlyCount "112"]
[EventDate "2008.11.13"]
[EventType "team-swiss"]
[EventRounds "11"]
[EventCountry "GER"]
[SourceTitle "CBM 128"]
[Source "ChessBase"]
[SourceDate "2009.01.28"]
[SourceVersion "1"]
[SourceVersionDate "2009.01.28"]
[SourceQuality "1"]
[WhiteTeam "Japan"]
[BlackTeam "Romania"]
[WhiteTeamCountry "JPN"]
[BlackTeamCountry "ROU"]

1. e4 c5 2. Nf3 d6 3. d4 cxd4 4. Nxd4 Nf6 5. Nc3 Nc6 6. Be2 g6 7. 0-0 Bg7 8. Be3 0-0 9. Kh1 d5 10. exd5 Nb4 11. d6 Qxd6 12. Ndb5 Qb8 13. a3 Nc6 14. Bf3 a6 15. Nd4 Nxd4 16. Qxd4 Ng4 17. Qf4 Be5 18. Qe4 Nxh2 19. Rfe1 Nxf3 20. Qxf3 Be6 21. Rad1 Qc7 22. Bd4 Bxd4 23. Rxd4 Rfd8 24. Red1 Rxd4 25. Rxd4 Rc8 26. Kg1 b5 27. Qd1 Kg7 28. Qd2 h5 29. Qg5 Qc5 30. Qd2 Rc6 31. Qd1 Qe5 32. Re4 Qf6 33. Rd4 h4 34. Ne4 Qe5 35. c3 Rc4 36. Rxc4 Bxc4 37. Qd4 Qxd4 38. cxd4 Bd5 39. Nc5 a5 40. Kh2 g5 41. g3 Kg6 42. Kh3 Kh5 43. g4+ Kg6 44. f4 f6 45. Na6 gxf4 46. Nc7 Bc4 47. Kxh4 e5 48. d5 Kf7 49. d6 b4 50. Kh3 bxa3 51. bxa3 Be6 52. Kh4 e4 53. d7 Bxd7 54. Nd5 f3 55. Kg3 Ke6 56. Ne3 Bb5 0-1

[Event "Olympiad-38"]
[Site "Dresden"]
[Date "2008.11.14"]
[Round "2"]
[White "Nezad, Husein Aziz"]
[Black "Uesugi, Shinsaku"]
[Result "0-1"]
[WhiteElo "2401"]
[BlackElo "2222"]
[PlyCount "104"]
[EventDate "2008.11.13"]
[EventType "team-swiss"]
[EventRounds "11"]
[EventCountry "GER"]
[SourceTitle "CBM 128"]
[Source "ChessBase"]
[SourceDate "2009.01.28"]
[SourceVersion "1"]
[SourceVersionDate "2009.01.28"]
[SourceQuality "1"]
[WhiteTeam "Qatar"]
[BlackTeam "Japan"]
[WhiteTeamCountry "QAT"]
[BlackTeamCountry "JPN"]

1. e4 c5 2. Nf3 Nc6 3. Bb5 g6 4. Bxc6 dxc6 5. d3 Bg7 6. h3 Nf6 7. Nc3 Nd7 8. Be3 e5 9. Qd2 Qe7 10. Bh6 f6 11. Bxg7 Qxg7 12. Nh2 Nf8 13. f4 exf4 14. Qxf4 Ne6 15. Qf2 0-0 16. Nf3 Bd7 17. 0-0-0 Rad8 18. Kb1 b6 19. h4 h5 20. Rdg1 f5 21. exf5 Rxf5 22. Qg3 Rf4 23. Re1 Rdf8 24. Re4 Rxe4 25. Nxe4 Nf4 26. Re1 Bg4 27. Nfg5 Qd4 28. b3 a5 29. Rf1 Qe5 30. Qf2 Be2 31. d4 cxd4 32. g3 Bxf1 33. Qxf1 Nd5 34. Qc4 d3 35. Qxd3 Nb4 36. Qe2 Nd5 37. Qd3 b5 38. c3 a4 39. bxa4 bxa4 40. Qc4 Qf5 41. Kc2 Qf1 42. Qxf1 Rxf1 43. Kb2 Nf6 44. Nxf6+ Rxf6 45. Ka3 Rd6 46. Kxa4 Rd3 47. Kb3 Kf8 48. a4 Ke7 49. a5 Kd8 50. Kc4 Rxg3 51. Ne6+ Kc8 52. a6 Kb8 0-1

[Event "US Open-109"]
[Site "Dallas"]
[Date "2008.08.10"]
[Round "9"]
[White "Uesugi, Shinsaku"]
[Black "Buehl, Walter M"]
[Result "1-0"]
[WhiteElo "2227"]
[BlackElo "2065"]
[PlyCount "47"]
[EventDate "2008.08.02"]
[EventType "swiss"]
[EventRounds "9"]
[EventCountry "USA"]
[SourceTitle "CBM 125 Extra"]
[Source "ChessBase"]
[SourceDate "2008.09.01"]
[SourceVersion "1"]
[SourceVersionDate "2008.09.01"]
[SourceQuality "1"]

1. Nf3 Nf6 2. g3 b6 3. Bg2 Bb7 4. 0-0 e6 5. d3 d5 6. Nbd2 Be7 7. c3 0-0 8. Qc2 Nbd7 9. Re1 c5 10. e4 dxe4 11. dxe4 e5 12. b3 Bd6 13. Bb2 Qe7 14. Rad1 Rad8 15. Nc4 Bc7 16. Nh4 g6 17. Ne3 Nb8 18. Nd5 Nxd5 19. exd5 f5 20. c4 Bd6 21. f4 e4 22. Bxe4 fxe4 23. Rxe4 Qc7 24. Qc3 1-0

[Event "US Open-109"]
[Site "Dallas"]
[Date "2008.08.06"]
[Round "5"]
[White "West, James R"]
[Black "Uesugi, Shinsaku"]
[Result "1/2-1/2"]
[WhiteElo "2209"]
[BlackElo "2227"]
[PlyCount "35"]
[EventDate "2008.08.02"]
[EventType "swiss"]
[EventRounds "9"]
[EventCountry "USA"]
[SourceTitle "CBM 125 Extra"]
[Source "ChessBase"]
[SourceDate "2008.09.01"]
[SourceVersion "1"]
[SourceVersionDate "2008.09.01"]
[SourceQuality "1"]

1. e4 c5 2. Nf3 Nc6 3. d4 cxd4 4. c3 d3 5. Bxd3 g6 6. 0-0 Bg7 7. c4 d6 8. h3 Nf6 9. Nc3 0-0 10. Be3 Nd7 11. Be2 b6 12. Nd4 Bb7 13. f4 Nc5 14. Bf3 Rc8 15. Nxc6 Bxc6 16. Bd4 e5 17. Bxc5 bxc5 18. f5 1/2-1/2

[Event "World op 36th"]
[Site "Philadelphia"]
[Date "2008.07.03"]
[Round "2"]
[White "Uesugi, Shinsaku"]
[Black "Almeida, Augusto Artur"]
[Result "1/2-1/2"]
[WhiteElo "2227"]
[BlackElo "1753"]
[PlyCount "63"]
[EventDate "2008.07.02"]
[EventType "swiss"]
[EventRounds "9"]
[EventCountry "USA"]
[SourceTitle "CBM 125 Extra"]
[Source "ChessBase"]
[SourceDate "2008.09.01"]
[SourceVersion "1"]
[SourceVersionDate "2008.09.01"]
[SourceQuality "1"]

1. Nf3 Nf6 2. g3 g6 3. Bg2 Bg7 4. 0-0 0-0 5. c4 c6 6. d4 d6 7. Nc3 Qa5 8. e4 Nbd7 9. Be3 e5 10. h3 Nb6 11. Qd3 exd4 12. Bxd4 Be6 13. b3 Rad8 14. Qd2 Nbd7 15. Rac1 a6 16. Rfd1 Rfe8 17. Be3 b5 18. cxb5 cxb5 19. Ng5 Nf8 20. Nxe6 Nxe6 21. Nd5 Qxd2 22. Rxd2 Nxd5 23. exd5 Nc5 24. Bxc5 dxc5 25. Rxc5 Re1+ 26. Bf1 Bh6 27. Rd4 Re5 28. Rc6 Rexd5 29. Rxd5 Rxd5 30. Rxa6 b4 31. Bc4 Rd7 32. a3 1/2-1/2

[Event "World ol U16 06th"]
[Site "Singapore"]
[Date "2007.08.12"]
[Round "10"]
[White "Uesugi, Shinsaku"]
[Black "Lehmann, Marco"]
[Result "1-0"]
[WhiteElo "2154"]
[BlackElo "2279"]
[PlyCount "51"]
[EventDate "2007.08.05"]
[EventType "team-swiss"]
[EventRounds "10"]
[EventCountry "SIN"]
[SourceTitle "EXT 2008"]
[Source "ChessBase"]
[SourceDate "2007.11.25"]
[SourceVersion "1"]
[SourceVersionDate "2007.11.25"]
[SourceQuality "1"]

1. e4 c5 2. Nf3 Nc6 3. d4 cxd4 4. Nxd4 Nf6 5. Nc3 e5 6. Ndb5 d6 7. Nd5 Nxd5 8. exd5 Nb8 9. Qf3 a6 10. Qa3 b6 11. c4 Bb7 12. Nc3 Be7 13. Bd3 0-0 14. 0-0 Nd7 15. f4 Rc8 16. f5 Nc5 17. Be2 Re8 18. b4 Nd7 19. Be3 Bf8 20. Rad1 Qc7 21. Ne4 a5 22. f6 Nxf6 23. Rxf6 gxf6 24. Nxf6+ Kg7 25. Bg5 Be7 26. Qh3 1-0

[Event "World ol U16 06th"]
[Site "Singapore"]
[Date "2007.08.10"]
[Round "8"]
[White "Koh, Jonathan"]
[Black "Uesugi, Shinsaku"]
[Result "1-0"]
[WhiteElo "2028"]
[BlackElo "2154"]
[PlyCount "119"]
[EventDate "2007.08.05"]
[EventType "team-swiss"]
[EventRounds "10"]
[EventCountry "SIN"]
[SourceTitle "EXT 2008"]
[Source "ChessBase"]
[SourceDate "2007.11.25"]
[SourceVersion "1"]
[SourceVersionDate "2007.11.25"]
[SourceQuality "1"]

1. e4 c5 2. Nf3 Nc6 3. d4 cxd4 4. Nxd4 Nf6 5. Nc3 e5 6. Ndb5 d6 7. Nd5 Nxd5 8. exd5 Nb8 9. c4 Be7 10. Bd3 0-0 11. 0-0 f5 12. Kh1 a6 13. Nc3 Nd7 14. f4 g6 15. Be3 Bf6 16. Rc1 exf4 17. Bxf4 Ne5 18. b4 a5 19. a3 axb4 20. axb4 Ra3 21. Be2 g5 22. Nb5 Ra2 23. Be3 Re8 24. Bg1 Ng6 25. Bh5 Re4 26. Bxg6 hxg6 27. Rf2 Ra8 28. c5 Be5 29. Qb3 g4 30. c6 g3 31. Rfc2 b6 32. c7 Qh4 33. Rc4 gxh2 34. Be3 Rxc4 35. Qxc4 Qg3 36. Bxb6 f4 37. Qc2 Bf5 38. Qf2 Qg5 39. Re1 Bc8 40. Na7 Bb7 41. Nc6 Bxc6 42. dxc6 Qe7 43. Qc2 Kh7 44. Ba5 Qh4 45. Rf1 Qg4 46. Qe4 Kg7 47. Qf3 Qe6 48. Qh3 Qc4 49. Qf3 d5 50. Rd1 Qxc6 51. Qxd5 Qxd5 52. Rxd5 Bxc7 53. Rd7+ Kf6 54. Rxc7 g5 55. Kxh2 g4 56. Rc1 Kf5 57. Bc7 f3 58. gxf3 gxf3 59. Kg3 Ke4 60. Re1+ 1-0

[Event "World ol U16 06th"]
[Site "Singapore"]
[Date "2007.08.08"]
[Round "7"]
[White "Song, Angela"]
[Black "Uesugi, Shinsaku"]
[Result "1/2-1/2"]
[WhiteElo "2015"]
[BlackElo "2154"]
[PlyCount "63"]
[EventDate "2007.08.05"]
[EventType "team-swiss"]
[EventRounds "10"]
[EventCountry "SIN"]
[SourceTitle "EXT 2008"]
[Source "ChessBase"]
[SourceDate "2007.11.25"]
[SourceVersion "1"]
[SourceVersionDate "2007.11.25"]
[SourceQuality "1"]

1. e4 c5 2. c4 Nc6 3. Ne2 e5 4. g3 g6 5. Bg2 Bg7 6. 0-0 Nge7 7. Nbc3 0-0 8. d3 d6 9. a3 f5 10. Rb1 a5 11. Nd5 Be6 12. b3 Kh8 13. Bd2 Nd4 14. Nxd4 cxd4 15. Bg5 Bxd5 16. cxd5 h6 17. Bd2 f4 18. Bh3 Ng8 19. f3 h5 20. Rc1 Bh6 21. Rc2 h4 22. gxh4 Qxh4 23. Be6 Nf6 24. Rc7 b5 25. Qe1 Qg5+ 26. Kh1 b4 27. axb4 axb4 28. Bxb4 Rfb8 29. Rc4 Qh5 30. Qf2 Bf8 31. Qg2 Ra7 32. Qd2 1/2-1/2

[Event "World ol U16 06th"]
[Site "Singapore"]
[Date "2007.08.07"]
[Round "4"]
[White "Sukandar, Irine Kharisma"]
[Black "Uesugi, Shinsaku"]
[Result "1-0"]
[WhiteElo "2259"]
[BlackElo "2154"]
[PlyCount "69"]
[EventDate "2007.08.05"]
[EventType "team-swiss"]
[EventRounds "10"]
[EventCountry "SIN"]
[SourceTitle "EXT 2008"]
[Source "ChessBase"]
[SourceDate "2007.11.25"]
[SourceVersion "1"]
[SourceVersionDate "2007.11.25"]
[SourceQuality "1"]

1. e4 c5 2. Nf3 Nc6 3. d4 cxd4 4. Nxd4 Nf6 5. Nc3 e5 6. Ndb5 d6 7. Nd5 Nxd5 8. exd5 Nb8 9. c4 Be7 10. Bd3 a6 11. Nc3 0-0 12. 0-0 Nd7 13. Kh1 f5 14. f3 g6 15. b4 Bf6 16. Bb2 Qb6 17. a3 Qd4 18. Na4 Qh4 19. c5 e4 20. g3 Qh3 21. fxe4 Bxb2 22. Nxb2 Nf6 23. exf5 Ng4 24. Qd2 Bxf5 25. Bxf5 gxf5 26. Nc4 Rf6 27. Nxd6 Raf8 28. Rae1 Kh8 29. Qg2 Qh6 30. Rf4 Qg5 31. Re6 h5 32. Qb2 Kg8 33. Rxf6 Rxf6 34. h3 Nh6 35. Ne4 1-0